Konkurz finančných inštitúcií bakalárska práca

Salvato in:
Dettagli Bibliografici
Autore principale: Vargová, Aneta
Ente Autore: Obchodná fakulta EU. Katedra obchodného práva
Altri autori: Veterníková, Mária, 1964-
Natura: Libro
Lingua:slovacco
Pubblicazione: Bratislava 2011
Tags: Aggiungi Tag
Nessun Tag, puoi essere il primo ad aggiungerne!!

MARC

LEADER 00000nam a2200000 4500
001 0151493
005 20240320072044.6
041 0 |a slo 
044 |a SK 
245 1 0 |a Konkurz finančných inštitúcií  |b bakalárska práca  |c Aneta Vargová ; školiteľ: Mária Veterníková 
264 1 |a Bratislava  |c 2011 
300 |a 46 s. 
100 1 |a Vargová, Aneta 
700 1 |a Veterníková, Mária, 1964- 
710 2 |a Obchodná fakulta EU. Katedra obchodného práva